000 00691nam a2200229Ia 4500
003 BUBTL
008 151213s9999 xx 000 0 und d
020 _a978-0-07110113-4
082 _a658.15'11/ G191m/ 2008
100 _aGarrison / Noreen / Prower
_95898
245 _aManagerial Accounting
_cGarrison / Noreen / Prower
250 _a12th
260 _aNew York
_bMac Graw Hill
_c2008
300 _a[xxi] , 792p . :
_bill , Graph , Table ; 24cm .
_cAccountnig .
500 _aIncludes Index .
650 _aAccounting
650 _aAccounting
700 _aGarrison / Noreen / Prower
_95898
856 _k0
_l0
_yDownload
942 _2ddc
_cBK
999 _c3003
_d3003